Normal view
MARC view
Entry Nombre personal
001 - NÚMERO DE CONTROL
- campo de control: 1075
003 - IDENTIFICADOR DE NÚMERO DE CONTROL
- campo de control: DLC
005 - FECHA Y HORA DE LA ÚLTIMA TRANSACCIÓN
- campo de control: 20260417081010.0
008 - ELEMENTOS DE DATO DE LONGITUD-FIJA
- campo de control de longitud fija: 150105n| azannaabn |a aaa c
010 ## - NÚMERO DE CONTROL DE LA BIBLIOTECA DEL CONGRESO
- Número de control de LC: no2015000533
035 ## - NÚMERO DE CONTROL DEL SISTEMA
- Número de control de sistema: (OCoLC)oca10052164
040 ## - FUENTE DE CATALOGACIÓN
- Centro catalogador/agencia de origen: NNC
- Lengua de catalogación: eng
- Normas de descripción: rda
- Centro/agencia transcriptor: NNC
100 1# - ENCABEZAMIENTO-NOMBRE DE PERSONA
- Nombre de persona: Barco, Gustavo del
400 1# - TRAZADO DE VÉASE--NOMBRE DE PERSONA
- Nombre de persona: Del Barco, Gustavo
670 ## - FUENTE DE DATOS ENCONTRADOS
- Cita de la fuente: Barco, Gustavo del. Curro Torres Molina, 1942:
- Información encontrada: title page (Gustavo del Barco)